| 000 | 00459 a2200157 4500 | ||
|---|---|---|---|
| 005 | 20250508171045.0 | ||
| 020 | _a978-0-07-724626-6 | ||
| 082 | _a658.401 DES | ||
| 100 | _aDESS, G. G. | ||
| 245 | _aStrategic Management: Creating Competitive Advantages. | ||
| 250 | _a5th Ed. | ||
| 260 |
_aNew York, _bMcgraw-Hill, Irwin, _c2010. |
||
| 300 |
_axxx, 514p.: Ill.;figures & picture _bIndex _c25cm. |
||
| 700 | _aLUMPKIN, G. T. & EISNER, A. B. | ||
| 942 |
_2ddc _cBKS |
||
| 999 |
_c2219 _d2219 |
||